000 00245nam a22000977a 4500
041 _aENG
245 _aSpecification For Plain Spool For Tractor Operated Disc Harrows
260 _aNew Delhi
_bBIS
_c1974
650 _aBIS Code
856 _uBIS Code
999 _c2111
_d2111